| 000 | 01014nam a2200253 a 4500 | ||
|---|---|---|---|
| 001 | 000016552 | ||
| 003 | DO-SdBNP | ||
| 005 | 20260305073950.0 | ||
| 007 | ta | ||
| 008 | 100308s1985 dr 000 0 spa d | ||
| 040 |
_aDO-SdBNP _bspa _cBNPHU |
||
| 082 | 4 |
_a370.97293 _bS623p _222 |
|
| 245 | 0 | 0 |
_aSituación y perspectivas de la educación en la República Dominicana / _ceditor Frank Moya pons. |
| 260 |
_aSanto Domingo : _bAmigo del hogar, _c1985. |
||
| 300 |
_a155 p. ; _c23 cm. |
||
| 490 | 1 |
_aFORUM ; _v16 |
|
| 500 | _aExposiciones presentadas en el ¨Encuentro sobre la Situación y Perspectivas de la Educación en la República Dominicana¨, celebrado por FORUM en el Hotel Santo Domingo Sur, el sábado 6 de octubre de 1984 | ||
| 590 | _aInventariado, 2018/VM | ||
| 650 | 4 |
_aEducación _zRepública Dominicana _vCongresos, conferencias, etc. _936797 |
|
| 700 | 1 |
_aMoya Pons, Frank, _d1944- _eed. _92095 |
|
| 830 | 0 |
_aFORUM ; _v16 _97431 |
|
| 910 | _aValidado. Control de calidad MFF | ||
| 942 |
_2ddc _cLBS1 |
||
| 999 |
_c16085 _d16085 |
||